[Event "Turin Piemonte op 5th"]
[Site "Turin"]
[Date "2003.12.06"]
[Round "3"]
[White "Saccona, Silvano"]
[Black "Franzolin, Marco"]
[Result "1-0"]
[WhiteElo "2098"]
[BlackElo "1675"]
[PlyCount "29"]
[EventDate "2003.12.04"]
[EventType "swiss"]
[EventRounds "7"]
[EventCountry "ITA"]
[SourceTitle "EXT 2008"]
[Source "ChessBase"]
[SourceDate "2007.11.25"]
[SourceVersion "1"]
[SourceVersionDate "2007.11.25"]
[SourceQuality "1"]

1. e4 d5 2. exd5 Nf6 3. c4 e6 4. dxe6 Bxe6 5. Nf3 Nc6 6. Be2 Nd4 7. d3 Bb4+ 8. Nc3 0-0 9. a3 Bxc3+ 10. bxc3 Nxe2 11. Qxe2 Bxc4 12. dxc4 Re8 13. Be3 Ne4 14. 0-0 Nxc3 15. Qb2 1-0